Město, venkovský prostor a krajina : sborník konference FA ČVUT 7.-8.11.2000
Guardado en:
| Formato: | Libro |
|---|---|
| Publicado: |
Praha :
AGORA,
2001
|
| Materias: | |
| Etiquetas: |
Sin Etiquetas, Sea el primero en etiquetar este registro!
|
MARC
| LEADER | 00000nam a22000003a 4500 | ||
|---|---|---|---|
| 001 | stu73021 | ||
| 005 | 20160615100147.0 | ||
| 008 | 011217s2001----------------------------d | ||
| 020 | |a 80-902945-3-7 | ||
| 040 | |a STU |b slo | ||
| 245 | |a Město, venkovský prostor a krajina : |b sborník konference FA ČVUT 7.-8.11.2000 | ||
| 260 | |a Praha : |b AGORA, |c 2001 | ||
| 300 | |a 125 s | ||
| 650 | 7 | |a mesto |2 stusub | |
| 650 | 7 | |a urbanizmus |2 stusub | |
| 650 | 7 | |a city | |
| 996 | |b 284AB00220 |c A*981 B |l AAKNAR |s A |a 24 |w stu73021_0001 | ||
| 996 | |b 284AU06732 |c A* 9808/U |l AAKNAR |s A |a 24 |w stu73021_0002 | ||